00310nam a22000977a 4500020001800000082001700018100002300035245008600058260005400144300001400198 a9781408864418 a934.03 DAL/G aDalrymple, William aThe Golden Road :bhow ancient India transformed the world/cby William Dalrymple a. - Londonb: Bloomsburry Publishing Ltd.c, 2024 a482 pages